| 000 | 00353nam a2200145Ia 4500 | ||
|---|---|---|---|
| 008 | 230917s9999||||xx |||||||||||||| ||und|| | ||
| 040 |
_e103030 _aMAIN |
||
| 041 | _aEnglish | ||
| 082 | _a658.4092 G82F | ||
| 100 | _aGreene, Robert | ||
| 245 | 0 | _aForty eight laws of power | |
| 260 |
_aNew Delhi _bViva Books _c2004 |
||
| 300 | _a452p p. | ||
| 942 | _cBK | ||
| 999 |
_c119185 _d119185 |
||